| 000 | 02233nam a22002417a 4500 | ||
|---|---|---|---|
| 001 | 6885 | ||
| 003 | FISKH | ||
| 005 | 20250916114342.0 | ||
| 008 | 250604b cb ||||| |||| 00| 0 eng d | ||
| 020 | _a9789995001001 | ||
| 040 |
_aFISKH _bkhr _cFISKH _dFISKH |
||
| 082 | _a370 | ||
| 100 | _aSeang, Tith | ||
| 245 |
_a សីលធម៌-ពលរដ្ឋវិជ្ជា : _b១១ / _cគណ:កម្មការនិពន្ធ លោក ទិត សៀង, លោក មាស ជុតិមា, លោក ភុក ប៉ាវ និង លោក សាម សារុំ |
||
| 250 | _aបោះពុម្ពឆ្នាំ2023 | ||
| 260 |
_aPhnom Penh : _bគ្រឺះស្ថានបោះពុម្ពនិងចែកផ្សាយ , _c2023. |
||
| 300 |
_a204 pages : _billustrations ; _c25 cm . |
||
| 520 | _aសៀវភៅ សីលធម៌-ពលរដ្ឋវិជ្ជា ថ្នាក់ទី១១ ដែលបោះពុម្ពផ្សាយដោយក្រសួងអប់រំ យុវជន និងកីឡា នៅឆ្នាំ ២០១១ មានចំនួនទំព័រ ២០៤ និងមានរូបភាព និងផែនទីចំនួន ២៥។ សៀវភៅនេះមានគោលបំណងផ្តល់ចំណេះដឹងដល់សិស្សថ្នាក់ទី១១អំពីសិលធម៌ និងសិទ្ធិពលរដ្ឋ ដើម្បីអភិវឌ្ឍសមត្ថភាពក្នុងការរស់នៅក្នុងសង្គមយ៉ាងសមរម្យ និងមានចំណេះដឹងផ្នែកសិលធម៌។ | ||
| 520 | _aThe book "Civics and Morality for Grade 11", published by the Ministry of Education, Youth and Sport in 2011, contains 204 pages and includes 25 illustrations and maps. This book aims to provide Grade 11 students with knowledge about morality and civic rights, in order to help them develop the skills needed to live appropriately and responsibly in society, with a solid understanding of ethical values. | ||
| 700 |
_aSatya, Chom _eIllustrator |
||
| 942 |
_2ddc _cKHB _n0 |
||
| 999 |
_c6885 _d6885 |
||